| 000 | 00975 a2200205 4500 | ||
|---|---|---|---|
| 003 | Nust | ||
| 005 | 20230404154114.0 | ||
| 010 | _a62016401 | ||
| 040 | _cNust | ||
| 082 | _a629.8323,AND | ||
| 100 | _aAndrews, Alan | ||
| 245 |
_aABC’s of synchro's and servos / _bcomplete coverage of how servomechanisms operate, and how they are used in automatic control systems _cAlan Andrews, |
||
| 250 | _a1st ed | ||
| 260 |
_aH.W. Sams _bIndianapolis _c1962 |
||
| 300 |
_a96 p _billus _c22 cm |
||
| 505 | _aIndividual Control System (Page-7), Position Transducers (Page-17), Synchro's (Page-28),Modulators And Demodulators (Page-46), Servo Amplifiers (Page-55), Magnetic And Rotary Amplifies (Page-65), Actuators (Page-75), Analysis Of Complete Systems (Page-81). | ||
| 600 |
_aAndrews, Alan _9111733 |
||
| 650 |
_aABC’s of synchros and servos; [complete coverage of how servomechanisms operate, and how they are used in automatic control systems _9111734 |
||
| 942 |
_2ddc _cBK |
||
| 999 |
_c183967 _d183967 |
||